000 00342nam a22001457a 4500
008 210609b ||||| |||| 00| 0 eng d
020 _a9781932531176
041 _aeng
080 _a336
082 _a336
100 _a56
101 _aFIN
245 _aAccounting and Finance for Small Business Made Easy
_cRobert Low
942 _2udc
_cBK
999 _c58084
_d58084